LEADER 01359nam a2200301 i 4500 001 000000162856 003 CaOOAMICUS 005 20090423000000.0 008 090423s2008 it u000 u ita u 013 $a140220 020 $a978-88-452-6171-8 040 $aSeMil$bita 100 1 $aSaint-Exupéry, Antoine : de,$d<1900-1944>.$0(OLS)http://semarc/name/15573 240 10$aManon, danseuse.$0(OLS)http://semarc/title/232336 245 10$aManon, ballerina :$b[e altri inediti] /$cAntoine de Saint-Exupéry ; testi a cura di Alban Cerisier e Delphine Lacroix ; traduzione di Anna D'Elia. 260 $aMilano :$bBompiani,$c2008. 300 $a231 p. ;$c21 cm. 490 0 $aNarratori stranieri Bompiani 700 1 $aD'Elia, Anna.$0(OLS)http://semarc/name/61755 700 1 $aLacroix, Delphine.$0(OLS)http://semarc/name/61754 700 1 $aCerisier, Alban.$0(OLS)http://semarc/name/61753 830 0$aNarratori stranieri.$0(OLS)http://semarc/title/251 850 $aSeMil 852 $aSeMil$W1$xVenegono$y1$m1E IV 17$j114181$B114181$CSeMilBibl$Z2$F141426 $81 961 $aAcquisto: L.S. srl 996 $6020$a978-88-452-6171-8$9(OLS)http://semarc/number/148881 996 $6245$aManon, ballerina :$b[e altri inediti]$9(OLS)http://semarc/title/232335 996 $6260$aMilano :$bBompiani$9(OLS)http://semarc/publisher/29706 LEADER 01093nam a2200229 4500 001 000000345142 003 CaOOAMICUS 005 20210329162316.0 008 210329s2008 it a 000 u ita r 040 $aSeMil$bita 245 00$aSacro e liberty :$b1908-2008: un secolo di storia, arte e devozione /$ca cura di Rosa Giorgi. 264 1$aMilano :$bBeni Culturali Cappuccini,$c2008. 300 $a125 p. :$bill. ;$c22x22 cm 500 $aCatalogo della mostra tenuta a Milano, Museo Beni Culturali Cappuccini, 31 ottobre 2008-28 febbraio 2009 650 4$aArte sacra - Esposizioni.$0(OLS)http://semarc/subject/50195 700 1 $aGiorgi, Rosa,$d<1965- >.$0(OLS)http://semarc/name/67371 850 $aSeMil 852 $aSeMil$W1$xVenegono$y1$m5O IX 30$j225349$B236213$CSeMilBibl$Z2$F236213 $81 961 $aSistema Bibliotecario Valle dei Mulini - Omaggio 996 $6245$aSacro e liberty :$b1908-2008: un secolo di storia, arte e devozione$9(OLS)http://semarc/title/434254 996 $6264$aMilano :$bBeni Culturali Cappuccini$9(OLS)http://semarc/publisher/59664